000 00607nam a2200205 4500
003 LK-CoMWRAF
005 20230828123751.0
008 230819b2008 |||||||| |||| 00| 0 eng d
020 _a9789551965006
040 _aLK-CoMWRAF
_dLK-CoMWRAF
_eLK-CoMWRAF
041 _aeng
082 _a349.5493
_bRAJ
100 _aRajepakse, Ruana
245 _aA guide to current constitutional issues in Sri Lanka
260 _aRajagiriya:
_bCitizens' Trust,
_c[2008]
300 _avii, 168 p. ; 22 cm
_bIndex included
650 _aCONSTITUTIONAL LAW-Sri Lanka
650 _aLaw -Sri Lanka-Popular works
942 _cBK
999 _c3223
_d3223